000 00815nam a22002417a 4500
003 NALT
005 20210426154740.0
008 s2008 si eng d
020 _a9789812308115
040 _aNALT
041 _aeng
050 _aDS 597.336
_bL73F 2008
100 1 _aLim, Regina
_951676
245 1 0 _aFederal-state relations in Sabah, Malaysia :
_bthe Berjaya administration, 1976-85 /
_cRegina Lim.
260 _aSingapore :
_bInstitute of Southeast Asian Studies,
_c2008
300 _a153 p. :
_btables ;
_c23 cm.
610 2 _951677
_aParti Berjaya
650 0 _aFederal government
_951678
_zMalaysia
651 0 _951679
_a Sabah (Malaysia)
_xPolitics and government
_y20th century
850 _aNALT
942 _cGB
_2lcc
998 _bภัลลิกา บุษมงคล
_c103
_j109
_k อารีรัตน์ วิชาช่าง
999 _c58724
_d58724